Catálogo - Centro de Recursos para el Aprendizaje y la Investigación

Volver al Sitio - CRAI Biblioteca

Digital wisdom : thought leadership for a connected world / (Registro nro. 113305)

Detalles MARC
000 -CABECERA
campo de control de longitud fija 01487nam a2200277 4500
001 - NÚMERO DE CONTROL
campo de control 113305
003 - IDENTIFICADOR DEL NÚMERO DE CONTROL
campo de control DR-UNIBE
005 - FECHA Y HORA DE LA ÚLTIMA TRANSACCIÓN
campo de control 20250313100735.0
008 - DATOS DE LONGITUD FIJA--INFORMACIÓN GENERAL
campo de control de longitud fija 250307b2013 xxu||||| |||| 00| 0 eng d
020 ## - NÚMERO INTERNACIONAL ESTÁNDAR DEL LIBRO
Número Internacional Estándar del Libro 9780985550820
040 ## - FUENTE DE LA CATALOGACIÓN
Centro catalogador/agencia de origen BIBLIOTECA UNIBE
Centro/agencia transcriptor BIBLIOTECA UNIBE
Normas de descripción rda
Lengua de catalogación spa
041 ## - CÓDIGO DE LENGUA
Código de lengua original eng
082 ## - NÚMERO DE LA CLASIFICACIÓN DECIMAL DEWEY
Número de edición 22
Número de clasificación 302.231 P173d
100 10 - ENTRADA PRINCIPAL--NOMBRE DE PERSONA
Nombre de persona Palmer, Shelly,
Fechas asociadas al nombre 1956-
9 (RLIN) 192734
Término indicativo de función/relación autor
245 10 - MENCIÓN DE TÍTULO
Título Digital wisdom : thought leadership for a connected world /
Mención de responsabilidad, etc. Shelly Palmer
250 ## - MENCIÓN DE EDICIÓN
Mención de edición Primera edicion
260 ## - PUBLICACIÓN, DISTRIBUCIÓN, ETC.
Lugar de publicación, distribución, etc. New York :
Nombre del editor, distribuidor, etc. York House Press,
Fecha de publicación, distribución, etc. 2013
300 ## - DESCRIPCIÓN FÍSICA
Extensión xvii, 133 páginas :
Otras características físicas ilustraciones b/n ;
Dimensiones 22 x 15 cm
500 ## - NOTA GENERAL
Nota general Comentarios sobre la obra al inico y contraportada
505 ## - NOTA DE CONTENIDO CON FORMATO
Nota de contenido con formato Acknowledgments |<br/>About the Author |<br/>Why Aspiring Digital Leaders Should Read this Book |<br/>Introduction |<br/>Connected no Connected |<br/> The World is Changing Faster than You Think |<br/>Traditional and New Media |<br/>Understanding Social Media |<br/>Customer Services in a Connected World |<br/>Truthiness, Wikiality, Truth, Facts |<br/>What Does it Mean to Own Something in the 21-st Century ?|<br/>Cyber-Security and Cyber-Warfare |<br/> Digital Leaders and a 21st-Centurt Workforce |<br/>Science, Technology, Engineering and Math Really Matter |<br/>Conclusion <br/>
650 70 - PUNTO DE ACCESO ADICIONAL DE MATERIA--TÉRMINO DE MATERIA
Término de materia o nombre geográfico como elemento de entrada comunicacion digital
9 (RLIN) 35628
650 70 - PUNTO DE ACCESO ADICIONAL DE MATERIA--TÉRMINO DE MATERIA
Fuente del encabezamiento o término lemb
Término de materia o nombre geográfico como elemento de entrada Realidad virtual
9 (RLIN) 43209
700 ## - PUNTO DE ACCESO ADICIONAL--NOMBRE DE PERSONA
Nombre de persona Pruitt, Annelise
9 (RLIN) 192735
Término indicativo de función/relación diseñador de cubierta
700 ## - PUNTO DE ACCESO ADICIONAL--NOMBRE DE PERSONA
Nombre de persona Lawlor, Lisa
9 (RLIN) 192736
Término indicativo de función/relación diseñador del libro
942 ## - ELEMENTOS DE PUNTO DE ACCESO ADICIONAL (KOHA)
Fuente del sistema de clasificación o colocación Sistema de Clasificación Decimal Dewey
Tipo de ítem Koha Libro (general)
Existencias
Estado de retiro Estado de pérdida Fuente del sistema de clasificación o colocación No para préstamo Código de colección Localización permanente Fecha de adquisición Total de préstamos Signatura topográfica completa Código de barras Fecha visto por última vez Número de copia Precio válido a partir de Tipo de ítem Koha
  Disponible Sistema de Clasificación Decimal Dewey   General Biblioteca Central UNIBE 07/03/2025   302.231 P173d 250104 07/03/2025 Ej. 1 07/03/2025 Libro (general)